[Event "C.to Provinciale TP"]
[Site "Erice ITA"]
[Date "2012.01.22"]
[Round "3"]
[White "Guirreri, Filippo"]
[Black "Savalla, Salvatore"]
[Result "1/2-1/2"]
[WhiteElo "1442"]
[BlackElo "1879"]
[PlyCount "138"]
[EventDate "2012.01.15"]

1. e4 e5 2. Nf3 Nc6 3. Bc4 Nd4 4. d3 Nxf3+ 5. Qxf3 Nf6 6. Bg5 Be7 7. Bxf6 Bxf6
8. Nc3 c6 9. a4 O-O 10. b4 Be7 11. Rb1 a6 12. O-O b5 13. Ba2 Bb7 14. a5 Bd6 15.
Ne2 Qe7 16. c3 c5 17. bxc5 Bxc5 18. c4 Bc6 19. Nc3 Bb4 20. Nd5 Bxd5 21. exd5
bxc4 22. Bxc4 Bxa5 23. Ra1 Bc3 24. Rxa6 Rxa6 25. Bxa6 Bd4 26. Bc4 Qa3 27. Rb1
d6 28. g3 f5 29. Qe2 f4 30. gxf4 Rxf4 31. Rb8+ Rf8 32. Rxf8+ Kxf8 33. Qf3+ Ke7
34. Qg2 Qc1+ 35. Qf1 Qxf1+ 36. Kxf1 Kf6 37. Kg2 Kg6 38. Kg3 Kf6 39. f3 g5 40.
Bb5 h5 41. Bd7 Kg6 42. h3 Be3 43. Be6 h4+ 44. Kg4 Kf6 45. Bf5 Ke7 46. Be4 Kd8
47. Kf5 Kc7 48. Kg4 Kb6 49. Kf5 Kc5 50. Kg4 Kb4 51. Kf5 Kc3 52. Kg4 Kd2 53. Bf5
Bf4 54. Be4 Ke3 55. Bf5 Kf2 56. Be4 Ke2 57. Bf5 Ke3 58. Be4 Kf2 59. Bf5 Be3 60.
Be4 Bc1 61. Bf5 Bf4 62. Be4 Ke3 63. Kf5 Kd4 64. Kg4 Kc5 65. Kf5 Bd2 66. Kg4 Kb6
67. Kf5 Kc7 68. Kg4 Kd8 69. Bf5 Ke7 1/2-1/2

[Event "C.to Provinciale TP"]
[Site "Erice ITA"]
[Date "2012.01.22"]
[Round "3"]
[White "Krumbiegel, Michael"]
[Black "Meo, Antonino"]
[Result "1/2-1/2"]
[WhiteElo "1491"]
[BlackElo "1659"]
[PlyCount "81"]
[EventDate "2012.01.15"]

1. e4 b6 2. Bc4 Bb7 3. d3 e6 4. Nf3 Nf6 5. Bg5 Be7 6. Bxf6 Bxf6 7. c3 O-O 8.
Nbd2 d6 9. Bb3 Nd7 10. d4 c5 11. d5 exd5 12. Bxd5 Bxd5 13. exd5 Re8+ 14. Kf1
Ne5 15. g3 b5 16. Qc2 Qc7 17. Kg2 Qb7 18. Rhd1 Rad8 19. Ne4 Qe7 20. Nxe5 Bxe5
21. Re1 f5 22. Nd2 Qf7 23. Nf3 Qxd5 24. Qxf5 Rf8 25. Qe4 Qxe4 26. Rxe4 Rf5 27.
Rae1 Rdf8 28. Nxe5 Rxf2+ 29. Kh3 dxe5 30. Rxe5 Rxb2 31. Rxc5 a6 32. a3 Ra2 33.
Re7 Rxa3 34. Ra7 Rf7 35. Rc8+ Rf8 36. Rcc7 Rb8 37. Rxg7+ Kh8 38. Rxh7+ Kg8 39.
Rag7+ Kf8 40. Rf7+ Kg8 41. Rfg7+ 1/2-1/2

[Event "C.to Provinciale TP"]
[Site "Erice ITA"]
[Date "2012.01.22"]
[Round "3"]
[White "Maggio, Baldassare"]
[Black "Marino, Martina"]
[Result "1-0"]
[WhiteElo "1612"]
[BlackElo "1179"]
[PlyCount "37"]
[EventDate "2012.01.15"]

1. d4 d5 2. c4 e6 3. Bf4 Nc6 4. e3 Bd7 5. Nc3 Nf6 6. a3 Bd6 7. Bg5 h6 8. Bh4
O-O 9. cxd5 exd5 10. Nxd5 Bg4 11. Nxf6+ Kh8 12. Qxg4 g5 13. Bxg5 Rg8 14. Nxg8
Qxg8 15. Bf6+ Kh7 16. Bd3+ Qg6 17. Bxg6+ fxg6 18. Qd7+ Kg8 19. Qg7# 1-0

[Event "C.to Provinciale TP"]
[Site "Erice ITA"]
[Date "2012.01.22"]
[Round "3"]
[White "Mancuso, Fabrizio"]
[Black "Cerami, Giuseppe"]
[Result "1/2-1/2"]
[WhiteElo "1636"]
[BlackElo "1690"]
[PlyCount "85"]
[EventDate "2012.01.15"]

1. e4 e6 2. d3 d5 3. Nd2 c5 4. Ngf3 Nc6 5. g3 Bd6 6. Bg2 d4 7. O-O e5 8. h3
Nge7 9. Nc4 Bc7 10. Bd2 f6 11. h4 Be6 12. Nh2 b5 13. Na3 a6 14. f4 exf4 15.
Bxf4 Ne5 16. Bxe5 Bxe5 17. Ng4 Nc6 18. Nb1 Rc8 19. Kh2 Qd6 20. Nxe5 Nxe5 21.
Rf4 Ng6 22. Qh5 Bf7 23. Rf2 Ne5 24. Qe2 h5 25. Bh3 Be6 26. Bf5 Kd7 27. Bxe6+
Qxe6 28. Rf4 Rcg8 29. Nd2 g5 30. hxg5 fxg5 31. Rf5 Ng4+ 32. Kg1 Ne3 33. Rf3 h4
34. Nf1 Qh3 35. Qh2 Qxh2+ 36. Kxh2 hxg3+ 37. Kxg3 g4 38. Rf4 Rh3+ 39. Kf2 Ke7
40. Nxe3 dxe3+ 41. Kg2 Rgh8 42. Re1 Rh2+ 43. Kg3 1/2-1/2

[Event "C.to Provinciale TP"]
[Site "Erice ITA"]
[Date "2012.01.22"]
[Round "3"]
[White "Melograni, Francesco"]
[Black "Piazza, Francesco"]
[Result "1-0"]
[WhiteElo "1890"]
[BlackElo "1608"]
[PlyCount "73"]
[EventDate "2012.01.15"]

1. e4 e5 2. Bc4 Nc6 3. Nc3 Nf6 4. d3 Bc5 5. h3 h6 6. Nge2 d6 7. O-O g5 8. Be3
Nd4 9. Qd2 Be6 10. Bb3 Qd7 11. Kh2 c6 12. Bxd4 Bxd4 13. Nxd4 exd4 14. Ne2 c5
15. f4 g4 16. h4 Qe7 17. g3 Nh5 18. f5 Bxb3 19. axb3 f6 20. c3 dxc3 21. bxc3 a5
22. c4 b6 23. Nc3 Qe5 24. Rg1 Kd7 25. Ra2 Ng7 26. Nd5 Kc6 27. Qc1 a4 28. bxa4
Rhb8 29. Qa3 Ra5 30. Rb1 Nh5 31. Rg2 Ra7 32. a5 Rxa5 33. Rxb6+ Rxb6 34. Qxa5
Qb2 35. Qa8+ Kd7 36. Rxb2 Rxb2+ 37. Kg1 1-0

[Event "C.to Provinciale TP"]
[Site "Erice ITA"]
[Date "2012.01.22"]
[Round "3"]
[White "Messina, Damiano"]
[Black "Piazza, Dario"]
[Result "1-0"]
[WhiteElo "1931"]
[BlackElo "1817"]
[PlyCount "139"]
[EventDate "2012.01.15"]

1. c4 e5 2. Nc3 Nc6 3. g3 f5 4. d3 Nf6 5. Bg2 Bc5 6. Nf3 d6 7. O-O O-O 8. Na4
Bb6 9. a3 Qe7 10. Nxb6 axb6 11. Nd2 Kh8 12. b3 f4 13. Ne4 Nxe4 14. dxe4 Qf6 15.
Bb2 Qg5 16. Qd2 Be6 17. Bf3 Bh3 18. Rfc1 Rf6 19. b4 Rd8 20. b5 Na5 21. Rc3 Be6
22. Qc2 Rh6 23. Bc1 Rf8 24. Bd2 Rg6 25. Kh1 Qf6 26. Rc1 Rh6 27. Qd3 Bg8 28.
R3c2 Qe6 29. Bg2 Rh5 30. Bf3 Rg5 31. Bxa5 bxa5 32. c5 fxg3 33. hxg3 Qh3+ 34.
Kg1 Rg6 35. Bg2 Qe6 36. cxd6 cxd6 37. Rc7 Rgf6 38. Rf1 R6f7 39. Rxf7 Rxf7 40.
Rd1 Rd7 41. b6 Qb3 42. Bh3 Rd8 43. Qxb3 Bxb3 44. Rc1 Ba4 45. Rc7 Bc6 46. Bc8
Bxe4 47. Bxb7 Bxb7 48. Rxb7 h6 49. Ra7 Rb8 50. b7 Kh7 51. Kg2 Kg6 52. Kf3 Kf5
53. Ke3 Ke6 54. Kd3 Kd7 55. Kc4 a4 56. Kd5 g5 57. Ra6 Rxb7 58. Rxd6+ Ke7 59.
Re6+ Kf7 60. Rxe5 Rb5+ 61. Kd4 Rxe5 62. Kxe5 Kg6 63. Ke4 Kf6 64. f3 h5 65. Ke3
Ke6 66. Ke4 Kd6 67. Kf5 h4 68. gxh4 gxh4 69. Kg4 Ke5 70. e3 1-0

[Event "C.to Provinciale TP"]
[Site "Erice ITA"]
[Date "2012.01.22"]
[Round "3"]
[White "Messina, Francesco"]
[Black "Savalla, Gianluca"]
[Result "1-0"]
[WhiteElo "1792"]
[BlackElo "1560"]
[PlyCount "75"]
[EventDate "2012.01.15"]

1. d4 Nf6 2. c4 c5 3. e3 g6 4. Nf3 Bg7 5. Nc3 cxd4 6. exd4 O-O 7. Be2 d5 8. b3
dxc4 9. bxc4 b6 10. O-O Bb7 11. Re1 Nbd7 12. Ba3 Re8 13. Qb3 Qc8 14. Rad1 e6
15. Nb5 Qc6 16. Nd6 Red8 17. Nxb7 Qxb7 18. Ne5 Qc7 19. Bf3 Rac8 20. Nc6 Re8 21.
Ne7+ Rxe7 22. Bxe7 Qxc4 23. Qxc4 Rxc4 24. Bxf6 Bxf6 25. d5 exd5 26. Bxd5 Rc7
27. Bc6 Nc5 28. Bf3 Kg7 29. Rb1 Nd3 30. Red1 Nc5 31. Rdc1 Rd7 32. Rd1 Rc7 33.
Rbc1 Re7 34. Rc2 Rc7 35. h3 Re7 36. Bd5 Rc7 37. a4 Re7 38. Ra2 1-0

[Event "C.to Provinciale TP"]
[Site "Erice ITA"]
[Date "2012.01.22"]
[Round "3"]
[White "Sardo, Riccardo"]
[Black "Mirasolo, Davide"]
[Result "1-0"]
[WhiteElo "1692"]
[BlackElo "1470"]
[PlyCount "79"]
[EventDate "2012.01.15"]

1. d4 d5 2. Bf4 Nf6 3. e3 e6 4. Nf3 Nbd7 5. h3 c6 6. Nbd2 Qa5 7. c3 c5 8. Bd3
c4 9. Bc2 b5 10. a3 Qb6 11. O-O a5 12. Re1 Bb7 13. e4 dxe4 14. Nxe4 Nd5 15. Bh2
Be7 16. Qe2 a4 17. Ne5 Nxe5 18. Bxe5 O-O-O 19. Qh5 f6 20. Bg3 g6 21. Qe2 Rde8
22. Nd2 Bd6 23. Bxd6 Qxd6 24. Ne4 Qf8 25. Qd2 Qf7 26. Nc5 Bc6 27. Re2 Re7 28.
Rae1 Nc7 29. Be4 Bxe4 30. Nxe4 Rd7 31. Nc5 Rd6 32. Qf4 Rhd8 33. Qf3 Rd5 34.
Nxe6 Re8 35. Nxc7 Rxe2 36. Qxe2 Qxc7 37. Qe6+ Qd7 38. Qxf6 Rd6 39. Qf8+ Qd8 40.
Re8 1-0

[Event "C.to Provinciale TP"]
[Site "Erice ITA"]
[Date "2012.01.22"]
[Round "3"]
[White "Savalla, Pietro"]
[Black "Guarino, Giuseppe"]
[Result "1/2-1/2"]
[WhiteElo "1806"]
[BlackElo "1530"]
[PlyCount "100"]
[EventDate "2012.01.15"]

1. d4 Nf6 2. Nf3 d5 3. e3 e6 4. Bd3 Bd6 5. Nbd2 b6 6. O-O O-O 7. e4 dxe4 8.
Nxe4 Nbd7 9. Nxd6 cxd6 10. Bf4 Qc7 11. Re1 Bb7 12. c4 Rfe8 13. Qe2 Bxf3 14.
Qxf3 e5 15. dxe5 Nxe5 16. Bxe5 dxe5 17. Rad1 Rad8 18. Be2 Rxd1 19. Rxd1 e4 20.
Qc3 Qf4 21. Qe3 Qxe3 22. fxe3 Kf8 23. Kf2 Ke7 24. Ke1 Nd7 25. Rd4 f5 26. Kd2 a5
27. Kc3 Ra8 28. Rd5 g6 29. Rd1 Ke6 30. b3 Ne5 31. Rd5 Rc8 32. Kd4 Nd7 33. Kc3
Rc5 34. Rxc5 bxc5 35. a3 Kd6 36. b4 cxb4+ 37. axb4 axb4+ 38. Kxb4 Kc6 39. Bd1
Ne5 40. Ba4+ Kc7 41. Bd1 Kc6 42. Be2 Nd7 43. Kc3 Kc5 44. Bd1 Ne5 45. Be2 Nc6
46. h3 Ne5 47. Bf1 h5 48. Be2 Nc6 49. Bd1 Ne5 50. Be2 Nc6 1/2-1/2

[Event "C.to Provinciale TP"]
[Site "Erice ITA"]
[Date "2012.01.22"]
[Round "3"]
[White "Seidita, Flavio"]
[Black "Marino, Gabriele"]
[Result "0-1"]
[WhiteElo "1395"]
[BlackElo "1419"]
[PlyCount "110"]
[EventDate "2012.01.15"]

1. e4 e5 2. Nf3 Nf6 3. Nc3 Nc6 4. Bc4 Bb4 5. Bb5 Bxc3 6. bxc3 Nxe4 7. Bxc6 bxc6
8. d3 Nxc3 9. Qd2 e4 10. Qxc3 exf3 11. gxf3 O-O 12. Rg1 g6 13. Qd4 Qe7+ 14. Be3
Re8 15. Rg4 d6 16. Re4 Qd7 17. Rxe8+ Qxe8 18. Qc4 Be6 19. Qb4 Rb8 20. Qa5 Rb7
21. Bxa7 Qa8 22. Qa6 Rxa7 23. Qxa7 Qxa7 24. O-O-O Qxa2 25. Re1 Qa3+ 26. Kd2
Qb4+ 27. Ke2 Qf4 28. Rb1 Qa4 29. Kd2 Qf4+ 30. Ke2 Qxh2 31. Rb8+ Kg7 32. Rb7 d5
33. Rb4 Qe5+ 34. Kd2 c5 35. Rb3 c4 36. dxc4 Qd4+ 37. Ke2 Qxc4+ 38. Rd3 Bf5 39.
Kd2 Qxd3+ 40. cxd3 h5 41. Ke2 h4 42. Kf1 Bxd3+ 43. Kg1 d4 44. Kg2 Bf1+ 45. Kxf1
h3 46. Kg1 d3 47. Kh2 c5 48. Kxh3 c4 49. Kg2 d2 50. f4 c3 51. Kf3 c2 52. Ke2
d1=Q+ 53. Ke3 c1=Q+ 54. Ke4 Qc4+ 55. Ke5 Qdd5# 0-1

[Event "C.to Provinciale TP"]
[Site "Erice ITA"]
[Date "2012.01.22"]
[Round "4"]
[White "Arini, Mario"]
[Black "Marino, Gabriele"]
[Result "1-0"]
[WhiteElo "1567"]
[BlackElo "1419"]
[PlyCount "137"]
[EventDate "2012.01.15"]

1. Nf3 d5 2. g3 c5 3. Bg2 Nc6 4. d3 e6 5. O-O g6 6. Nbd2 Bg7 7. Re1 Nf6 8. e4
O-O 9. c3 Qb6 10. Qb3 Qa6 11. Qc2 d4 12. c4 b5 13. a3 Rb8 14. Qb1 Na5 15. Qa2
bxc4 16. dxc4 Rb6 17. Ne5 Bd7 18. Nd3 Rc8 19. e5 Ne8 20. b4 Nxc4 21. Nxc5 Qb5
22. Nxc4 Bc6 23. Nxb6 Qxb6 24. Bxc6 Qxc6 25. Qd2 Qd5 26. Qf4 d3 27. Qe4 d2 28.
Bxd2 Qxd2 29. Red1 Qb2 30. Nd3 Qb3 31. Rdb1 Qd5 32. Qxd5 exd5 33. Re1 Nd6 34.
exd6 Bxa1 35. Rxa1 Rd8 36. Nf4 Rxd6 37. Rd1 d4 38. Nd3 f5 39. Kg2 Kf7 40. f4
Ke6 41. Ne5 Ra6 42. Rxd4 Rxa3 43. Kh3 g5 44. Nc6 gxf4 45. Rxf4 Kf6 46. Kh4 Ra2
47. h3 Ra6 48. b5 Rb6 49. Nd4 a6 50. bxa6 Rxa6 51. Kh5 Ra5 52. Kh4 Re5 53. g4
Re4 54. Rxe4 fxe4 55. Kg3 Kg6 56. Kf4 h5 57. Ne2 hxg4 58. hxg4 e3 59. Kxe3 Kg5
60. Kf3 Kf6 61. Kf4 Kg6 62. g5 Kf7 63. Kf5 Kg7 64. Nf4 Kf7 65. Nh3 Kg8 66. g6
Kf8 67. Kf6 Kg8 68. g7 Kh7 69. Kf7 1-0

[Event "C.to Provinciale TP"]
[Site "Erice ITA"]
[Date "2012.01.22"]
[Round "4"]
[White "Cerami, Giuseppe"]
[Black "Sardo, Riccardo"]
[Result "0-1"]
[WhiteElo "1690"]
[BlackElo "1692"]
[PlyCount "120"]
[EventDate "2012.01.15"]

1. b4 Nf6 2. Bb2 g6 3. Bxf6 exf6 4. a3 d5 5. e3 Nc6 6. d4 Bd7 7. c4 dxc4 8.
Bxc4 a6 9. Nf3 b5 10. Ba2 Qe7 11. O-O a5 12. Qb3 axb4 13. axb4 Ra4 14. Nc3 Rxb4
15. Qa3 Qd8 16. Qa6 Nb8 17. Qa5 Bd6 18. Ne4 Be7 19. Rfc1 c6 20. Qxd8+ Kxd8 21.
Bxf7 Rf8 22. Ba2 Kc7 23. Nc3 Kb6 24. d5 c5 25. d6 Bxd6 26. Nd5+ Ka5 27. Nxb4
Kxb4 28. Rab1+ Ka5 29. Ra1 Kb6 30. Bd5 Nc6 31. Rcb1 Nb4 32. Rd1 Bc6 33. Bxc6
Kxc6 34. Ra7 h5 35. Nd2 Rd8 36. Raa1 Be5 37. Rab1 Bc3 38. Nf3 Rxd1+ 39. Rxd1 f5
40. Kf1 Nd5 41. Nd2 Bxd2 42. Rxd2 b4 43. Ke2 Nc3+ 44. Kd3 Kb5 45. Rc2 c4+ 46.
Kd4 b3 47. Kxc3 bxc2 48. Kxc2 Kb4 49. f3 c3 50. g3 Kc4 51. h4 Kb4 52. e4 fxe4
53. fxe4 Kc4 54. e5 Kd5 55. e6 Kxe6 56. Kxc3 Kf5 57. Kd4 Kg4 58. Ke5 Kxg3 59.
Kf6 Kxh4 60. Kxg6 Kg4 0-1

[Event "C.to Provinciale TP"]
[Site "Erice ITA"]
[Date "2012.01.22"]
[Round "4"]
[White "Cleal, John"]
[Black "Maggio, Baldassare"]
[Result "1-0"]
[WhiteElo "1924"]
[BlackElo "1612"]
[PlyCount "69"]
[EventDate "2012.01.15"]

1. e4 e6 2. d3 d5 3. Nd2 c5 4. Ngf3 Nf6 5. g3 d4 6. Bg2 Nbd7 7. e5 Ng4 8. Qe2
Qc7 9. Nc4 b5 10. Nd6+ Bxd6 11. exd6 Qb8 12. O-O Ngf6 13. Ne5 Bb7 14. Nxd7 Kxd7
15. Bxb7 Qxb7 16. Bf4 Nd5 17. Qe4 Qb6 18. Rfe1 Nxf4 19. Qxf4 Raf8 20. Qg5 Qxd6
21. Qxg7 Qe7 22. Qe5 Qd6 23. Qh5 f6 24. c3 e5 25. cxd4 cxd4 26. Rec1 Ke7 27. f4
Ke6 28. fxe5 fxe5 29. Qg4+ Rf5 30. Rf1 Rhf8 31. Rxf5 Rxf5 32. Qe4 Qf8 33. Qc6+
Qd6 34. Qxb5 Kf7 35. Qb7+ 1-0

[Event "C.to Provinciale TP"]
[Site "Erice ITA"]
[Date "2012.01.22"]
[Round "4"]
[White "Guarino, Giuseppe"]
[Black "Krumbiegel, Michael"]
[Result "1-0"]
[WhiteElo "1530"]
[BlackElo "1491"]
[PlyCount "67"]
[EventDate "2012.01.15"]

1. e4 e5 2. Nf3 d6 3. Bc4 g6 4. d3 Bg4 5. h3 Bxf3 6. Qxf3 Qd7 7. Be3 Nc6 8. Nc3
a6 9. Nd5 O-O-O 10. Bb6 Nd4 11. Bxd4 exd4 12. O-O-O Bg7 13. Kb1 f6 14. g4 Rf8
15. Qg2 Ne7 16. Nf4 d5 17. exd5 Qd6 18. Ne6 Rf7 19. Rde1 f5 20. Nxg7 Rxg7 21.
Re6 Qd7 22. Rhe1 Kb8 23. Qg3 Nxd5 24. Qe5 Rd8 25. Bxd5 Qxd5 26. Qxg7 Rd7 27.
Qe5 Qf3 28. gxf5 gxf5 29. Qg3 Qh5 30. Re8+ Ka7 31. Qg8 Qxh3 32. Ra8+ Kb6 33.
Qb3+ Ka5 34. Re5+ 1-0

[Event "C.to Provinciale TP"]
[Site "Erice ITA"]
[Date "2012.01.22"]
[Round "4"]
[White "Lo Piccolo, Antonino"]
[Black "Messina, Damiano"]
[Result "1/2-1/2"]
[WhiteElo "1843"]
[BlackElo "1931"]
[PlyCount "72"]
[EventDate "2012.01.15"]

1. d4 Nf6 2. c4 e6 3. Nc3 d5 4. cxd5 exd5 5. e3 c6 6. Nf3 Bd6 7. Bd3 Nbd7 8.
O-O O-O 9. Re1 Re8 10. e4 dxe4 11. Nxe4 Nxe4 12. Bxe4 Nf6 13. Bg5 Be6 14. Bc2
g6 15. d5 cxd5 16. Ba4 Rf8 17. Bh6 Qb6 18. Bxf8 Bxf8 19. Qb3 Bc5 20. Qxb6 Bxb6
21. Rad1 Ne4 22. Nd4 Rc8 23. Bb3 a5 24. Rxe4 dxe4 25. Nxe6 a4 26. Bd5 Rc2 27.
Ng5 Rxf2 28. Kh1 e3 29. Bxf7+ Kg7 30. Bc4 e2 31. Rb1 Ba5 32. Nh3 e1=Q+ 33. Rxe1
Bxe1 34. Nxf2 Bxf2 35. Bb5 Bd4 36. Bxa4 Bxb2 1/2-1/2

[Event "C.to Provinciale TP"]
[Site "Erice ITA"]
[Date "2012.01.22"]
[Round "4"]
[White "Mancuso, Fabrizio"]
[Black "Melograni, Francesco"]
[Result "0-1"]
[WhiteElo "1636"]
[BlackElo "1890"]
[PlyCount "86"]
[EventDate "2012.01.15"]

1. e4 e5 2. Nf3 Nc6 3. Bc4 Bc5 4. O-O d6 5. h3 h6 6. c3 Nf6 7. Re1 O-O 8. d4
exd4 9. cxd4 Bb4 10. Bd2 Bxd2 11. Qxd2 d5 12. exd5 Nxd5 13. Nc3 Be6 14. Bb3
Nce7 15. Bc2 Rc8 16. Rac1 c6 17. Ne5 Qb6 18. Nc4 Qc7 19. Ne5 a6 20. Nxd5 Nxd5
21. Qd3 Nf6 22. Re3 Rfe8 23. Rce1 Rcd8 24. Rf3 Kf8 25. Rfe3 Qb6 26. Bb3 Rxd4
27. Qc2 Bxb3 28. Rxb3 Qa5 29. Qc3 Rxe5 30. Qxa5 Rxa5 31. Rxb7 Re4 32. Rb8+ Re8
33. Rexe8+ Nxe8 34. a3 Rb5 35. Rxb5 cxb5 36. Kf1 Ke7 37. Ke2 Kd6 38. Kd3 Kd5
39. b3 a5 40. Ke3 Nc7 41. Kd3 Ne6 42. g3 Nc5+ 43. Kc3 Ne4+ 0-1

[Event "C.to Provinciale TP"]
[Site "Erice ITA"]
[Date "2012.01.22"]
[Round "4"]
[White "Meo, Antonino"]
[Black "Guirreri, Filippo"]
[Result "1/2-1/2"]
[WhiteElo "1659"]
[BlackElo "1442"]
[PlyCount "111"]
[EventDate "2012.01.15"]

1. e4 e5 2. Nf3 Nc6 3. d4 d5 4. exd5 Qxd5 5. dxe5 Qxd1+ 6. Kxd1 Bg4 7. Be2 Bxf3
8. Bxf3 Nxe5 9. Bxb7 Rd8+ 10. Bd2 Rb8 11. Re1 Bd6 12. f4 f6 13. fxe5 Bxe5 14.
Bc6+ Kf8 15. Bc3 Bxh2 16. Nd2 Ne7 17. Ba4 Bf4 18. Ne4 Nd5 19. Nc5 Nxc3+ 20.
bxc3 Kf7 21. Bb3+ Kg6 22. Re4 Rhd8+ 23. Rd4 Be5 24. Rxd8 Rxd8+ 25. Ke2 Bxc3 26.
Rd1 Rxd1 27. Kxd1 Bd4 28. Ne6 Bb6 29. Kd2 Kf5 30. Nxg7+ Kg6 31. Ne6 h6 32. Kd3
f5 33. Bd5 h5 34. Bf3 h4 35. Kc4 Kf6 36. Nf4 Kg5 37. Nd5 Kg6 38. Nxb6 cxb6 39.
Kb5 Kg5 40. Ka6 Kf4 41. Kxa7 h3 42. Bc6 h2 43. Kxb6 Kg3 44. a4 h1=Q 45. a5 Qb1+
46. Bb5 Qxc2 47. a6 Qf2+ 48. Kb7 Qxg2+ 49. Kb6 Qg1+ 50. Kb7 Qb1 51. Kb6 Qg1+
52. Kb7 Kf4 53. a7 Qg7+ 54. Ka6 Qf6+ 55. Kb7 Qf7+ 56. Kb6 1/2-1/2

[Event "C.to Provinciale TP"]
[Site "Erice ITA"]
[Date "2012.01.22"]
[Round "4"]
[White "Morana, Marco"]
[Black "Savalla, Gianluca"]
[Result "1/2-1/2"]
[WhiteElo "1440"]
[BlackElo "1560"]
[PlyCount "93"]
[EventDate "2012.01.15"]

1. e4 e5 2. Nf3 Nf6 3. Nc3 d6 4. Bc4 Be7 5. O-O O-O 6. d3 Bg4 7. h3 Bh5 8. Be3
Nc6 9. Re1 Re8 10. Nd5 a6 11. Nxf6+ Bxf6 12. Qe2 Qe7 13. Rad1 Rad8 14. c3 h6
15. Rd2 Rd7 16. Red1 Red8 17. Bd5 Kf8 18. Bxc6 bxc6 19. g4 Bg6 20. Rc2 Ra8 21.
c4 Qe6 22. b3 h5 23. Nd2 hxg4 24. Qxg4 Ke7 25. Qxe6+ Kxe6 26. Rdc1 Rh8 27. Kg2
Rh7 28. b4 d5 29. cxd5+ cxd5 30. f3 Bd8 31. Rc6+ Rd6 32. exd5+ Kxd5 33. R1c5+
Ke6 34. Nc4 Rxc6 35. Rxc6+ Kd5 36. Rc5+ Ke6 37. Nb2 Bf5 38. Nc4 Ke7 39. Rxe5+
Be6 40. f4 Kf6 41. Ra5 Bxh3+ 42. Kg3 Bc8 43. b5 Rh5 44. bxa6 Rxa5 45. Nxa5 Bxa6
46. Nc6 Be7 47. Nxe7 1/2-1/2

[Event "C.to Provinciale TP"]
[Site "Erice ITA"]
[Date "2012.01.22"]
[Round "4"]
[White "Piazza, Dario"]
[Black "Calamia, Gianpaolo"]
[Result "1-0"]
[WhiteElo "1817"]
[BlackElo "1688"]
[PlyCount "89"]
[EventDate "2012.01.15"]

1. e4 d5 2. exd5 Qxd5 3. Nc3 Qa5 4. d4 c6 5. Nf3 Bg4 6. Be2 Nf6 7. O-O e6 8. a3
Bd6 9. h3 Bh5 10. Nd2 Bg6 11. Nc4 Qc7 12. Nxd6+ Qxd6 13. Bf3 O-O 14. Ne2 Nbd7
15. Bf4 Qe7 16. Ng3 Nb6 17. Qe2 Nfd5 18. Bc1 h6 19. c4 Nf6 20. Bf4 Rfe8 21. b4
Nbd7 22. Rfe1 Nb6 23. Rad1 Red8 24. Be5 Rd7 25. Nf1 Rad8 26. Nd2 Nh7 27. Nb3
Re8 28. Nc5 Rdd8 29. Bg3 Nf6 30. a4 Nc8 31. b5 b6 32. Na6 cxb5 33. axb5 Nd6 34.
Nb4 Rc8 35. Nc6 Qd7 36. Bxd6 Qxd6 37. Nxa7 Rcd8 38. Nc6 Rc8 39. Qe3 Nd7 40. Rc1
Ra8 41. c5 Qf8 42. Ne5 Nxe5 43. dxe5 Ra5 44. cxb6 Rxb5 45. Bc6 1-0

[Event "C.to Provinciale TP"]
[Site "Erice ITA"]
[Date "2012.01.22"]
[Round "4"]
[White "Piazza, Francesco"]
[Black "Savalla, Pietro"]
[Result "0-1"]
[WhiteElo "1608"]
[BlackElo "1806"]
[PlyCount "54"]
[EventDate "2012.01.15"]

1. d4 Nf6 2. Nf3 g6 3. Nbd2 d5 4. e3 Bg7 5. Bd3 O-O 6. O-O Nbd7 7. b4 e5 8.
dxe5 Ng4 9. Bb2 Ngxe5 10. Nxe5 Nxe5 11. f4 Nxd3 12. Bxg7 Kxg7 13. cxd3 Qe7 14.
Re1 Qxb4 15. Nf3 b6 16. Rc1 Qd6 17. Ne5 c5 18. Qf3 Re8 19. d4 Bf5 20. dxc5 bxc5
21. g4 Be4 22. Qh3 Rab8 23. g5 Rb2 24. Qh6+ Kg8 25. Kf1 Qa6+ 26. Rc4 Qxa2 27.
Qh4 Rxh2 0-1

[Event "C.to Provinciale TP"]
[Site "Erice ITA"]
[Date "2012.01.22"]
[Round "4"]
[White "Savalla, Salvatore"]
[Black "Messina, Francesco"]
[Result "1-0"]
[WhiteElo "1879"]
[BlackElo "1792"]
[PlyCount "63"]
[EventDate "2012.01.15"]

1. d4 d5 2. Nf3 Nf6 3. e3 Nc6 4. c3 Bg4 5. Bd3 e6 6. Nbd2 Bd6 7. O-O O-O 8. e4
Re8 9. e5 Nxe5 10. dxe5 Bxe5 11. Qb3 b6 12. Nxe5 Bf5 13. Bxf5 exf5 14. Nef3 Qd6
15. Qd1 Re7 16. b3 Rd8 17. a4 c5 18. Ba3 Qe6 19. Re1 Ne4 20. Ng5 Qe5 21. f3 f6
22. fxe4 fxg5 23. exf5 Qf6 24. Rxe7 Qxe7 25. Qe1 Re8 26. Qxe7 Rxe7 27. Nf3 g4
28. Re1 Rd7 29. Ne5 Re7 30. Kf2 h6 31. Nxg4 Rxe1 32. Kxe1 1-0

[Event "C.to Provinciale TP"]
[Site "Erice ITA"]
[Date "2012.01.29"]
[Round "5"]
[White "Calamia, Gianpaolo"]
[Black "Arini, Mario"]
[Result "1-0"]
[WhiteElo "1688"]
[BlackElo "1567"]
[PlyCount "111"]
[EventDate "2012.01.15"]

1. e4 c5 2. Nf3 e6 3. d4 cxd4 4. Nxd4 Nc6 5. Be3 a6 6. Be2 Nf6 7. f3 Qc7 8. c3
Bd6 9. g3 h6 10. Nd2 b5 11. a3 Bb7 12. N2b3 O-O 13. Kf1 Rad8 14. Kg2 Rfe8 15.
Qd2 Ne5 16. Rhd1 Be7 17. Qc2 d5 18. exd5 Bxd5 19. Nd2 Bd6 20. a4 Nc4 21. Nxc4
bxc4 22. a5 Ng4 23. Bf2 Qb7 24. Bg1 Bc7 25. Rf1 Nf6 26. Rfd1 e5 27. Nf5 e4 28.
Nd4 exf3+ 29. Nxf3 Ng4 30. Bd4 Be4 31. Qc1 Qc6 32. Qd2 Ne5 33. Rf1 Nd3 34. Kg1
g5 35. Ne1 Ne5 36. Qe3 Ng6 37. Qf2 f5 38. Bf3 Rf8 39. Bxe4 fxe4 40. Qe3 Rde8
41. Rxf8+ Rxf8 42. Ng2 Qe6 43. Qe2 Ne5 44. Ne3 Nf3+ 45. Kg2 Nxd4 46. cxd4 Rf3
47. Nxc4 h5 48. Nd2 g4 49. Qxe4 Qxe4 50. Nxe4 Rb3 51. Nf6+ Kf7 52. Nxh5 Rxb2+
53. Kg1 Kg6 54. Nf4+ Kf5 55. Rf1 Bxa5 56. Nd3+ 1-0

[Event "C.to Provinciale TP"]
[Site "Erice ITA"]
[Date "2012.01.29"]
[Round "5"]
[White "Guarino, Giuseppe"]
[Black "Mancuso, Fabrizio"]
[Result "1-0"]
[WhiteElo "1530"]
[BlackElo "1636"]
[PlyCount "41"]
[EventDate "2012.01.15"]

1. e4 e5 2. Nf3 Nf6 3. Nc3 Nc6 4. Bc4 Bc5 5. O-O O-O 6. d3 h6 7. Be3 Bxe3 8.
fxe3 d6 9. Qd2 Na5 10. Bb3 Nxb3 11. axb3 Re8 12. Nh4 Nxe4 13. Nxe4 Qxh4 14. Rf2
Be6 15. Raf1 Qe7 16. Nf6+ gxf6 17. Rxf6 Kf8 18. e4 Qd7 19. Qxh6+ Ke7 20. Qg5
Kf8 21. Rh6 1-0

[Event "C.to Provinciale TP"]
[Site "Erice ITA"]
[Date "2012.01.29"]
[Round "5"]
[White "Guirreri, Filippo"]
[Black "Cerami, Giuseppe"]
[Result "0-1"]
[WhiteElo "1442"]
[BlackElo "1690"]
[PlyCount "75"]
[EventDate "2012.01.15"]

1. e4 e6 2. Nf3 d5 3. exd5 exd5 4. d4 c5 5. Bb5+ Bd7 6. Bxd7+ Nxd7 7. Qe2+ Be7
8. dxc5 Qa5+ 9. Nc3 Ngf6 10. Bd2 Qxc5 11. Qb5 Qxb5 12. Nxb5 O-O 13. O-O a6 14.
Rfe1 Bc5 15. Nc3 Rac8 16. Rad1 h6 17. a3 Rfd8 18. b4 Ba7 19. Re2 d4 20. Ne4
Rxc2 21. Ree1 Nxe4 22. Rxe4 Nf6 23. Ree1 b5 24. Be3 Rc4 25. Ne5 Rcc8 26. Bc1
Rc2 27. Rd2 Rdc8 28. Rxc2 Rxc2 29. Rd1 Ne4 30. Bf4 Nxf2 31. Rd2 d3 32. Rxc2
dxc2 33. Bd2 Nd3+ 34. Kf1 Nxe5 35. Ke2 Nc4 36. Bc1 Be3 37. Kd3 Bxc1 38. Kxc2
0-1

[Event "C.to Provinciale TP"]
[Site "Erice ITA"]
[Date "2012.01.29"]
[Round "5"]
[White "Krumbiegel, Michael"]
[Black "Piazza, Francesco"]
[Result "0-1"]
[WhiteElo "1491"]
[BlackElo "1608"]
[PlyCount "102"]
[EventDate "2012.01.15"]

1. e4 d6 2. Bc4 e5 3. d3 Nf6 4. c3 g6 5. Qb3 Qe7 6. Nf3 Bg7 7. O-O O-O 8. Bg5
c6 9. Qc2 b5 10. Bb3 Bg4 11. Nbd2 Nbd7 12. d4 Bxf3 13. Nxf3 exd4 14. cxd4 Qxe4
15. Qd1 Qe8 16. Re1 Qd8 17. Re2 Re8 18. Qd3 Rxe2 19. Qxe2 Qe8 20. Be3 a6 21.
Ng5 d5 22. Re1 h6 23. Nf3 Ne4 24. Nd2 f5 25. f3 Nxd2 26. Qxd2 Qf8 27. Rf1 Qf6
28. Rc1 Kh7 29. Rc2 Re8 30. Kf1 Re6 31. Bf4 Qxd4 32. Qxd4 Bxd4 33. Rd2 Bc5 34.
a3 a5 35. Bc7 a4 36. Bc2 Bb6 37. Bf4 Ba5 38. Rd1 Nb6 39. h4 h5 40. g4 fxg4 41.
fxg4 Rf6 42. Rd3 Rxf4+ 43. Kg2 Be1 44. Re3 Rf2+ 45. Kg1 Rxc2 46. Rxe1 Nc4 47.
Re7+ Kg8 48. Rd7 d4 49. Rb7 d3 50. Rb8+ Kf7 51. Rb7+ Ke6 0-1